Late quaternary environmental change : physical and human perspectives

Αποθηκεύτηκε σε:
Λεπτομέρειες βιβλιογραφικής εγγραφής
Κύριος συγγραφέας: Bell, Martin L.
Άλλοι συγγραφείς: Walker, Michael J. C.
Μορφή: Βιβλίο
Γλώσσα:English
Δημοσίευση: Essex : Longman, 1998
Θέματα:
Ετικέτες: Προσθήκη ετικέτας
Δεν υπάρχουν, Καταχωρήστε ετικέτα πρώτοι!

MARC

LEADER 00000nam a2200000 i 4500
001 1/4989
008 000602s1998 eng d
020 |a 0-582-04514-2 
035 |l 10061428 
040 |a GR-MY-UA  |b gre  |e aacr 
041 0 |a eng 
082 0 |a 574.5 
100 1 |a Bell, Martin L. 
245 1 0 |a Late quaternary environmental change :  |b physical and human perspectives /  |c M. Bell; M. J. C. Walker 
260 |a Essex :   |b Longman,   |c 1998 
300 |a 273 p. 
504 |a Includes bibliographical references and index 
650 0 0 |a Prehistoric peoples. 
650 0 0 |a Human ecology  |x History. 
650 0 0 |a Paleoclimatology  |x Quaternary. 
650 0 0 |a Paleoecology. 
650 0 0 |a Landscape changes. 
700 1 |a Walker, Michael J. C. 
852 |a INST  |b LESVOS  |e 20000602  |h 574.5 BEL  |p 005100024118  |q 005100024118  |t BK  |y 0 
901 |a BIBL1-2000-2 
909 |a Λ  |b 080077 
922 |a 1ΕΛΗ  |b 200003  |c ΚΠΣ/ΤΓ  |d LEADER 
950 |a 118-1999-09-20 
970 |a ΚΑΜΑΤΣΟΥ  |b ΔΕΣΠΟΙΝΑ  |z 2000/06/12